000 00415nam a2200181Ia 4500
005 20250423101321.0
008 250422s9999 xx 000 0 und d
020 _a978-154662-X
050 _aPR 9387.9 .U38 .L64/
100 _aUkala, Sam
245 4 _aThe log in your eye
260 _aIbadan
260 _bUniversity press ltd
260 _c1998
300 _a83 p
650 _aLiterature
942 _cBK
999 _c35953
_d35953